<?xml version="1.0" encoding="UTF-8"?>
<record
    xmlns:xsi="http://www.w3.org/2001/XMLSchema-instance"
    xsi:schemaLocation="http://www.loc.gov/MARC21/slim http://www.loc.gov/standards/marcxml/schema/MARC21slim.xsd"
    xmlns="http://www.loc.gov/MARC21/slim">

  <leader>01775nam a22003137a 4500</leader>
  <controlfield tag="001">9278</controlfield>
  <controlfield tag="003">FISKH</controlfield>
  <controlfield tag="005">20251209084007.0</controlfield>
  <controlfield tag="008">251209b        cb ||||| |||| 00| 0 eng d</controlfield>
  <datafield tag="020" ind1=" " ind2=" ">
    <subfield code="a">9789995001995</subfield>
  </datafield>
  <datafield tag="040" ind1=" " ind2=" ">
    <subfield code="a">FISKH</subfield>
    <subfield code="b">khr</subfield>
    <subfield code="c">FISKH</subfield>
    <subfield code="d">FISKH</subfield>
  </datafield>
  <datafield tag="050" ind1=" " ind2=" ">
    <subfield code="a">PZ7</subfield>
  </datafield>
  <datafield tag="082" ind1=" " ind2=" ">
    <subfield code="a">398.2</subfield>
  </datafield>
  <datafield tag="100" ind1=" " ind2=" ">
    <subfield code="a">Sakal , Ngoun</subfield>
  </datafield>
  <datafield tag="245" ind1=" " ind2=" ">
    <subfield code="a">&#x1798;&#x17B6;&#x1793;&#x17A2;&#x17D2;&#x179C;&#x17B8;&#x1793;&#x17C5;&#x179B;&#x17BE; / </subfield>
    <subfield code="c">&#x17A2;&#x17D2;&#x1793;&#x1780;&#x1793;&#x17B7;&#x1796;&#x1793;&#x17D2;&#x1792; &#x179B;&#x17C4;&#x1780;&#x179F;&#x17D2;&#x179A;&#x17B8; &#x1784;&#x17BD;&#x1793; &#x179F;&#x17B6;&#x1780;&#x179B; , &#x17A2;&#x17D2;&#x1793;&#x1780;&#x179A;&#x17C0;&#x1794;&#x179A;&#x17C0;&#x1784; &#x179B;&#x17C4;&#x1780; &#x17A2;&#x17CA;&#x17B6;&#x1793; &#x1797;&#x17B6;&#x1784;&#x200B; , &#x17A2;&#x17D2;&#x1793;&#x1780;&#x179A;&#x1785;&#x1793;&#x17B6;&#x1791;&#x17C6;&#x1796;&#x17D0;&#x179A; &#x179B;&#x17C4;&#x1780;&#x179F;&#x17D2;&#x179A;&#x17B8; &#x1785;&#x1780;&#x17CB; &#x179F;&#x17D2;&#x179A;&#x17B8;&#x1793;&#x17B8; , &#x17A2;&#x17D2;&#x1793;&#x1780;&#x1793;&#x17B7;&#x178F;&#x17D2;&#x1799; &#x179B;&#x17C4;&#x1780; &#x1788;&#x17B6; &#x1788;&#x17C0;&#x1793; &#x1793;&#x17B7;&#x1784; &#x179B;&#x17C4;&#x1780; &#x179F;&#x17BB;&#x1781; &#x1794;&#x17D2;&#x1789;&#x1791;&#x17D2;&#x1792;&#x17B8; </subfield>
  </datafield>
  <datafield tag="260" ind1=" " ind2=" ">
    <subfield code="a">&#x1797;&#x17D2;&#x1793;&#x17C6;&#x1796;&#x17C1;&#x1789; :</subfield>
    <subfield code="b">&#x1782;&#x17D2;&#x179A;&#x17BA;&#x17C7;&#x179F;&#x17D2;&#x1790;&#x17B6;&#x1793;&#x1794;&#x17C4;&#x17C7;&#x1796;&#x17BB;&#x1798;&#x17D2;&#x1796;&#x1793;&#x17B7;&#x1784;&#x1785;&#x17C2;&#x1780;&#x1795;&#x17D2;&#x179F;&#x17B6;&#x1799; , </subfield>
    <subfield code="c">2014. </subfield>
  </datafield>
  <datafield tag="300" ind1=" " ind2=" ">
    <subfield code="a">8 pages : </subfield>
    <subfield code="b">color illustrations ;</subfield>
    <subfield code="c">27 cm . </subfield>
  </datafield>
  <datafield tag="490" ind1=" " ind2=" ">
    <subfield code="a">&#x179A;&#x17BF;&#x1784;&#x1793;&#x17B7;&#x1791;&#x17B6;&#x1793;&#x17A2;&#x1794;&#x17CB;&#x179A;&#x17C6;&#x179F;&#x1798;&#x17D2;&#x179A;&#x17B6;&#x1794;&#x17CB;&#x1780;&#x17BB;&#x1798;&#x17B6;&#x179A; </subfield>
  </datafield>
  <datafield tag="505" ind1=" " ind2=" ">
    <subfield code="a">H 
</subfield>
  </datafield>
  <datafield tag="520" ind1=" " ind2=" ">
    <subfield code="a">&#x1796;&#x17B7;&#x179F;&#x17B8;&#x1793;&#x17B7;&#x1784;&#x179F;&#x17C2;&#x1798;&#x17A2;&#x1784;&#x17D2;&#x1782;&#x17BB;&#x1799;&#x179B;&#x17C1;&#x1784;&#x1793;&#x17C5;&#x179B;&#x17BE;&#x1782;&#x17D2;&#x179A;&#x17C2;&#x1798;&#x17BB;&#x1781;&#x1795;&#x17D2;&#x1791;&#x17C7; &#x1796;&#x17BD;&#x1780;&#x1782;&#x17C1;&#x1786;&#x17D2;&#x1784;&#x179B;&#x17CB;&#x1790;&#x17B6;&#x178F;&#x17BE;&#x1798;&#x17B6;&#x1793;&#x17A2;&#x17D2;&#x179C;&#x17B8;&#x1793;&#x17C5;&#x179B;&#x17BE;&#x1780;&#x17D2;&#x1794;&#x17B6;&#x179B;&#x17A2;&#x17D2;&#x1793;&#x1780;&#x1792;&#x17D2;&#x179C;&#x17BE;&#x178A;&#x17C6;&#x17C6;&#x178E;&#x17BE;&#x179A;&#x178F;&#x17B6;&#x1798;&#x1795;&#x17D2;&#x179B;&#x17BC;&#x179C; &#x17D4; </subfield>
  </datafield>
  <datafield tag="520" ind1=" " ind2=" ">
    <subfield code="a">Pisey and Sem were sitting and playing on the bed in front of the house. They wondered what was on the heads of the travelers passing by on the road.</subfield>
  </datafield>
  <datafield tag="521" ind1="8" ind2=" ">
    <subfield code="a">400 
</subfield>
    <subfield code="b">Lexile estimate 
</subfield>
  </datafield>
  <datafield tag="521" ind1="8" ind2=" ">
    <subfield code="a">H 
</subfield>
    <subfield code="b">Raz-Plus 
</subfield>
  </datafield>
  <datafield tag="650" ind1=" " ind2=" ">
    <subfield code="a">&#x1798;&#x17B6;&#x1793;&#x17A2;&#x17D2;&#x179C;&#x17B8;&#x1793;&#x17C5;&#x179B;&#x17BE;</subfield>
    <subfield code="v">&#x179A;&#x17BF;&#x1784;&#x1793;&#x17B7;&#x1791;&#x17B6;&#x1793;&#x1780;&#x17BB;&#x1798;&#x17B6;&#x179A;</subfield>
  </datafield>
  <datafield tag="650" ind1=" " ind2=" ">
    <subfield code="a">What is on the </subfield>
    <subfield code="v">Children's Story </subfield>
  </datafield>
  <datafield tag="700" ind1=" " ind2=" ">
    <subfield code="a">Visal , Seng</subfield>
  </datafield>
  <datafield tag="942" ind1=" " ind2=" ">
    <subfield code="2">ddc</subfield>
    <subfield code="c">KHB</subfield>
    <subfield code="n">0</subfield>
  </datafield>
  <datafield tag="999" ind1=" " ind2=" ">
    <subfield code="c">9278</subfield>
    <subfield code="d">9278</subfield>
  </datafield>
  <datafield tag="952" ind1=" " ind2=" ">
    <subfield code="0">0</subfield>
    <subfield code="1">0</subfield>
    <subfield code="2">ddc</subfield>
    <subfield code="4">0</subfield>
    <subfield code="7">0</subfield>
    <subfield code="8">KH</subfield>
    <subfield code="a">002</subfield>
    <subfield code="b">002</subfield>
    <subfield code="c">TTP Khmer</subfield>
    <subfield code="d">2025-12-09</subfield>
    <subfield code="l">0</subfield>
    <subfield code="o">SAK PZ7 398.2 </subfield>
    <subfield code="p">2025-5089</subfield>
    <subfield code="r">2025-12-09 08:40:04</subfield>
    <subfield code="w">2025-12-09</subfield>
    <subfield code="y">KHB</subfield>
  </datafield>
</record>
